Regeneration of Scottish Communities (Record no. 72316)

MARC details
000 -LEADER
fixed length control field 00976cam a2200217 4500
001 - CONTROL NUMBER
control field WB3911-11
008 - FIXED-LENGTH DATA ELEMENTS--GENERAL INFORMATION
fixed length control field 030318n2003 000 0 eng u
035 ## - SYSTEM CONTROL NUMBER
System control number (Sirsi) u121655
245 ## - TITLE STATEMENT
Title Regeneration of Scottish Communities
260 ## - PUBLICATION, DISTRIBUTION, ETC.
Date of publication, distribution, etc. 2003
490 ## - SERIES STATEMENT
Series statement Scottish Executive Press Release
Volume/sequential designation 18 March 2003, (4)
520 ## - SUMMARY, ETC.
Summary, etc. Scottish Executive outlinesregeneration package designed to deliver sustainable communities. Up to £175m by 2005-06 will be available for councils that quality for the programme for regeneration projects. The money could be used to fund many areas such as demolitions, new build or environmental improvements. For the Scottish Executive Press Release: http://www.scotland.gov.uk/pages/news/2003/03/SESJ245.aspx
590 ## - LOCAL NOTE (RLIN)
Local note WB
650 ## - SUBJECT ADDED ENTRY--TOPICAL TERM
Topical term or geographic name entry element DEPRIVED AREAS
650 ## - SUBJECT ADDED ENTRY--TOPICAL TERM
Topical term or geographic name entry element SUSTAINABLE COMMUNITIES
650 ## - SUBJECT ADDED ENTRY--TOPICAL TERM
Topical term or geographic name entry element COMMUNITY OWNERSHIP
650 ## - SUBJECT ADDED ENTRY--TOPICAL TERM
Topical term or geographic name entry element HOUSING STANDARDS
650 ## - SUBJECT ADDED ENTRY--TOPICAL TERM
Topical term or geographic name entry element LOCAL PARTNERSHIPS
690 ## - LOCAL SUBJECT ADDED ENTRY--TOPICAL TERM (OCLC, RLIN)
Topical term or geographic name as entry element REGENERATION
942 ## - ADDED ENTRY ELEMENTS (KOHA)
Suppress in OPAC 0
Holdings
Withdrawn status Lost status Source of classification or shelving scheme Damaged status Not for loan Home library Current library Shelving location Date acquired Total Checkouts Full call number Barcode Date last seen Copy number Price effective from Koha item type
    Dewey Decimal Classification     London London News article 18/03/2003   WB3911-11 121655-1001 06/08/2019 1 06/08/2019 News article